Možnosti a pasti finančních instrumentů
Spôsob zdanenia príjmov, ktorých zdroj je na území Českej republiky. Podmienky pre uplatnenie výhod zo zmlúv o zamedzení dvojitého zdanenia. Rezident zmluvného štátu. Daňovo transparentné štruktúry. Skutočný vlastník príjmu.
Salvato in:
| Autore principale: | |
|---|---|
| Natura: | Capitolo di libro |
| Lingua: | ceco |
| Soggetti: | |
| Tags: |
Nessun Tag, puoi essere il primo ad aggiungerne!!
|
MARC
| LEADER | 00000naa$a2200000$$$4500 | ||
|---|---|---|---|
| 001 | 0075674 | ||
| 005 | 20231010095034.1 | ||
| 041 | 0 | |a cze | |
| 044 | |a CZ | ||
| 245 | 1 | 0 | |a Možnosti a pasti finančních instrumentů |c Martin Švalbach |
| 520 | |a Spôsob zdanenia príjmov, ktorých zdroj je na území Českej republiky. Podmienky pre uplatnenie výhod zo zmlúv o zamedzení dvojitého zdanenia. Rezident zmluvného štátu. Daňovo transparentné štruktúry. Skutočný vlastník príjmu. | ||
| 610 | 2 | 0 | |a investori |
| 610 | 2 | 0 | |a zaťaženie daňové |
| 610 | 2 | 0 | |a Česko |
| 610 | 2 | 0 | |a zdanenie dvojité |
| 100 | 1 | |a Švalbach, Martin | |